000 00349nam a2200133Ia 4500
008 231017s9999 xx 000 0 und d
082 _a388.4068
082 _bHOO
245 0 _aFTA Low-Speed Urban Maglev Research Program Lessons Learned March 2009
245 0 _cR. Hoopengardner
260 _bR. Hoopengardner
300 _c30cm
942 _cREP
999 _c604139
_d604139